| 000 | 01900cam a22003258a 4500 | ||
|---|---|---|---|
| 001 | 17150958 | ||
| 005 | 20170105102840.0 | ||
| 008 | 120206s2012 nyu 000 0 eng | ||
| 010 | _a 2012004168 | ||
| 020 | _a9780415500258 (hardback) | ||
| 020 | _a9780203105245 (ebook) | ||
| 040 |
_aDLC _cDLC |
||
| 042 | _apcc | ||
| 050 | 0 | 0 |
_aHV6773 _b.L46 2012 |
| 082 | 0 | 0 |
_a363.259 _223 |
| 100 | 1 |
_aLeman-Langlois, Stéphane, _d1965- |
|
| 245 | 1 | 0 |
_aTechnocrime, policing, and surveillance / _cStephane Leman-Langlois. |
| 250 | _a1st ed. | ||
| 260 |
_aNew York, NY : _bRoutledge, _c2012. |
||
| 263 | _a1207 | ||
| 300 | _ap. cm. | ||
| 490 | 0 | _aRoutledge frontiers of criminal justice | |
| 505 | 0 | _aIntroduction / Stéphane Leman-Langlois -- The criminal ecology of payment systems how "identity theft" evolved from plastic counterfeiting to the "crime of the century" / Benoît Dupont -- Media representations of the surveilled : exploring the 'subjects of surveillance' in mainstream media and alternate press releases / Rachel Finn and Michael McCahill -- The virtual surveillance lab : the creation of a simulated experimental environment / Stéphane Leman-Langlois -- Investigating transnational cybercrime : current challenges and emerging initiatives / Frédéric Lemieux and Brian Bales -- "We don't have these laser beams and stuff like that" : police investigations as low-tech work in a high-tech world / Laura Huey and Johnny Nhan -- Technology and database expansion : what impact on policing? / Olivier Ribaux and Tacha Hicks -- Technocrime, criminology, and marshall mcluhan : towards an inventory of criminological effects / James Sheptycki. | |
| 650 | 0 | _aComputer crimes. | |
| 650 | 0 | _aComputer security. | |
| 650 | 0 | _aElectronic surveillance. | |
| 906 |
_a7 _bcbc _corignew _d1 _eecip _f20 _gy-gencatlg |
||
| 942 |
_2ddc _cBK |
||
| 999 |
_c13818 _d13818 |
||